A TEXTBOOK OF WATER POWER ENGINEERING (Record no. 12738)

MARC details
000 -LEADER
fixed length control field 00417nam a22001697a 4500
003 - CONTROL NUMBER IDENTIFIER
control field OSt
005 - DATE AND TIME OF LATEST TRANSACTION
control field 20211014113359.0
008 - FIXED-LENGTH DATA ELEMENTS--GENERAL INFORMATION
fixed length control field 211014b |||||||| |||| 00| 0 eng d
020 ## - INTERNATIONAL STANDARD BOOK NUMBER
International Standard Book Number 8121922305
040 ## - CATALOGING SOURCE
Transcribing agency HU
082 ## - DEWEY DECIMAL CLASSIFICATION NUMBER
Classification number 621.312124/SHA
100 ## - MAIN ENTRY--PERSONAL NAME
Personal name SHARNA
Fuller form of name R.K.SHARMA
9 (RLIN) 13618
245 ## - TITLE STATEMENT
Title A TEXTBOOK OF WATER POWER ENGINEERING
260 ## - PUBLICATION, DISTRIBUTION, ETC.
Place of publication, distribution, etc. RAM NAGAR
Name of publisher, distributor, etc. S.CHAND
Date of publication, distribution, etc. 2003
300 ## - PHYSICAL DESCRIPTION
Extent 480
942 ## - ADDED ENTRY ELEMENTS (KOHA)
Source of classification or shelving scheme Dewey Decimal Classification
Koha item type Books like text book referance book
Suppress in OPAC No
Holdings
Withdrawn status Lost status Source of classification or shelving scheme Damaged status Not for loan Home library Current library Shelving location Date acquired Total Checkouts Full call number Barcode Date last seen Copy number Price effective from Koha item type
    Dewey Decimal Classification     Natural & Computational Science Library Natural & Computational Science Library General Stacks 10/14/2021   621.312124/SHA NSLIB000018826 10/14/2021 27 10/14/2021 Books like text book referance book